Teatro escolar representable

Αποθηκεύτηκε σε:
Λεπτομέρειες βιβλιογραφικής εγγραφής
Μορφή: Βιβλίο
Γλώσσα:Ισπανικά
Έκδοση: Santiago Arrayan 1998
Έκδοση:2a. ed
Σειρά:Infantil, juvenil: teatro
Θέματα:
Ετικέτες: Προσθήκη ετικέτας
Δεν υπάρχουν, Καταχωρήστε ετικέτα πρώτοι!

MARC

LEADER 00000nam a2200000 a 4500
001 UCH7983
003 CL-VaPUC
008 091127e19980000CL |||||||||||||||||spa|d
020 |a 956240241X 
082 0 4 |a Ch862  |b TEA  |2 21 
245 1 0 |a Teatro escolar representable 
250 |a 2a. ed 
300 |a v 
942 |c BK 
945 |d 20091127 00:00:00  |a ccalabra 
260 |a Santiago  |b Arrayan  |c 1998 
500 |a v. II: Las aceitunas de Lope de Rueda; Farsa y justicia del corregidor de Alejandro Casona; A mí me lo contaron de Lucho Córdoba y Américo Vargas; Entremés del mancebo que casó con mujer brava de Alejandro Casona; El vividor de Daniel Barros Grez; Camino oscuro de Kathleen Palmer; Tres en un bar de Leonard de Fracquen; Instrucciones para cambiar de papel de Jorge Díaz 
650 0 |a Literatura  |9 259151 
650 0 |a Literatura infantil   |9 307465 
650 7 |a TEATRO INFANTIL  |2 CL-VaPUC  |9 544367 
650 7 |a DRAMATURGOS  |2 CL-VaPUC  |9 433205 
650 0 |a Teatro  |9 265385 
650 0 |a Lectura  |9 307634 
650 0 |a Ficción   |9 376687 
583 |a last modification  |c 20091127 00:00:00  |k Rodrigo Vera 
490 0 |a Infantil, juvenil: teatro 
999 |c 338268  |d 338266